Schnelles Mathe-Quiz, nur ein kurzes Quiz 9 - Statistiken

Allgemein
  • Dieses Quiz wurde 163 mal gespielt
  • Das Durchschnittsergebnis liegt bei 14 aus 15
Antwortstatistiken
Hint Antwort % Korrekt
1 x 6 = 6
100%
3 x 6 = 18
98%
2 x 6 = 12
96%
10 x 6 = 60
96%
5 x 6 = 30
95%
4 x 6 = 24
94%
11 x 6 = 66
94%
12 x 6 = 72
94%
9 x 6 = 54
93%
15 x 6 = 90
89%
8 x 6 = 48
87%
13 x 6 = 78
87%
14 x 6 = 84
87%
6 x 6 = 36
86%
7 x 6 = 42
84%
Keine übereinstimmenden Quizze gefunden
Verteilung der Resultate
Anzahl Personen mit jedem Resultat
Perzentil nach korrekt beantworteten Fragen
Ihre Resultats-Entwicklung
Sie haben dieses Quiz noch nicht gespielt